[Event "EU-ch Seniors 65 19th"]
[Site "Rhodes"]
[Date "2019.04.11"]
[Round "6"]
[White "Dickel, Hans"]
[Black "Zurel, Maxim"]
[Result "1-0"]
[WhiteElo "1293"]
[BlackElo "1556"]
[PlyCount "51"]
[EventDate "2019.04.06"]
[EventType "swiss"]
[EventRounds "9"]
[EventCountry "GRE"]
[SourceTitle "CBM 189 Extra"]
[Source "ChessBase"]
[SourceDate "2019.06.03"]
[SourceVersion "1"]
[SourceVersionDate "2019.06.03"]
[SourceQuality "1"]

1. d4 Nf6 2. c4 e6 3. Nc3 Be7 4. e3 0-0 5. Nf3 d6 6. Bd3 Nbd7 7. 0-0 Re8 8. Qc2 Nf8 9. h4 N6d7 10. g3 f5 11. Kg2 Nf6 12. e4 Qd7 13. e5 Ng4 14. Qe2 Bd8 15. Nh2 Nxh2 16. Kxh2 Qf7 17. Nb5 a6 18. Nc3 dxe5 19. dxe5 Nd7 20. b4 c6 21. Bf4 h6 22. Qe3 g5 23. hxg5 hxg5 24. Bxg5 Kh8 25. Kg2 Qh5 26. Rh1 1-0

[Event "EU-ch Seniors 65 19th"]
[Site "Rhodes"]
[Date "2019.04.08"]
[Round "3"]
[White "Hiby, Harald"]
[Black "Zurel, Maxim"]
[Result "1-0"]
[WhiteElo "1812"]
[BlackElo "1556"]
[PlyCount "79"]
[EventDate "2019.04.06"]
[EventType "swiss"]
[EventRounds "9"]
[EventCountry "GRE"]
[SourceTitle "CBM 189 Extra"]
[Source "ChessBase"]
[SourceDate "2019.06.03"]
[SourceVersion "1"]
[SourceVersionDate "2019.06.03"]
[SourceQuality "1"]

1. d4 Nf6 2. c4 e6 3. Nc3 Bb4 4. Nf3 0-0 5. Bd2 d6 6. e3 Nbd7 7. a3 Bxc3 8. Bxc3 Ne4 9. Rc1 Nxc3 10. Rxc3 f5 11. Be2 g5 12. h3 Qf6 13. 0-0 Qh6 14. Nh2 Nf6 15. Qe1 Qg6 16. f4 h6 17. fxg5 hxg5 18. Rc1 Kf7 19. c5 Bd7 20. Bf3 d5 21. Be2 Ke7 22. Nf3 c6 23. Ne5 Qh6 24. Bd3 Rad8 25. b4 Rg8 26. Qg3 Nh5 27. Qf3 Be8 28. g4 Nf6 29. gxf5 Bh5 30. Qg3 g4 31. h4 Be8 32. fxe6 Ne4 33. Bxe4 dxe4 34. Rf4 Qxe6 35. Rcf1 Rg7 36. Rxe4 Qd5 37. Qf4 Bf7 38. Nxf7+ Kd7 39. Nxd8 Kxd8 40. Qf6+ 1-0

[Event "EU-ch Seniors 65 19th"]
[Site "Rhodes"]
[Date "2019.04.06"]
[Round "1"]
[White "Vepkhvishvili, Varlam"]
[Black "Zurel, Maxim"]
[Result "1-0"]
[WhiteElo "2098"]
[BlackElo "1556"]
[PlyCount "81"]
[EventDate "2019.04.06"]
[EventType "swiss"]
[EventRounds "9"]
[EventCountry "GRE"]
[SourceTitle "CBM 189 Extra"]
[Source "ChessBase"]
[SourceDate "2019.06.03"]
[SourceVersion "1"]
[SourceVersionDate "2019.06.03"]
[SourceQuality "1"]

1. e4 e5 2. Nf3 Nc6 3. Bb5 Nge7 4. 0-0 Ng6 5. c3 Be7 6. d4 Bf6 7. d5 Nce7 8. c4 0-0 9. Nc3 d6 10. Be3 Bg4 11. h3 Bd7 12. c5 Bxb5 13. Nxb5 Nc8 14. b4 a6 15. Nc3 Qd7 16. a4 Be7 17. a5 Na7 18. Kh2 f5 19. exf5 Qxf5 20. Nd2 Nb5 21. Nxb5 axb5 22. g3 e4 23. Nb3 Ne5 24. Nd4 Nf3+ 25. Nxf3 exf3 26. c6 bxc6 27. dxc6 Rf6 28. Qb3+ Kh8 29. Rfd1 Re6 30. Rd5 Re5 31. Rad1 Qe6 32. Qd3 Re4 33. Rxb5 d5 34. Qxd5 Qxd5 35. Rd2 Rxb4 36. Rdxd5 Re4 37. a6 Bf6 38. a7 Re6 39. Rb8+ Re8 40. Rxa8 Rxa8 41. Rb5 1-0

[Event "Wch Seniors 65 26th"]
[Site "Marianske Lazne"]
[Date "2016.11.30"]
[Round "11"]
[White "Zurel, Maxim"]
[Black "Freeke, Kees"]
[Result "1/2-1/2"]
[WhiteElo "1635"]
[BlackElo "1791"]
[PlyCount "118"]
[EventDate "2016.11.19"]
[EventType "swiss"]
[EventRounds "11"]
[EventCountry "CZE"]
[SourceTitle "EXT 2018"]
[Source "ChessBase"]
[SourceDate "2017.10.13"]
[SourceVersion "1"]
[SourceVersionDate "2017.10.13"]
[SourceQuality "1"]

1. e4 e5 2. Nf3 Nc6 3. Bb5 a6 4. Bxc6 dxc6 5. 0-0 Bg4 6. d3 Qf6 7. Nbd2 Ne7 8. h3 h5 9. Nc4 Bxf3 10. Qxf3 Qxf3 11. gxf3 Ng6 12. Be3 0-0-0 13. Kh1 Be7 14. Rg1 Bf6 15. Nd2 b6 16. Nf1 Nf4 17. Bxf4 exf4 18. Rb1 Rhg8 19. Nd2 g5 20. Rg2 Be5 21. b3 b5 22. Rbg1 f6 23. a3 h4 24. b4 Kb7 25. Rb1 Rge8 26. Rb3 Kb6 27. Rg1 Bd4 28. Kg2 Be5 29. Nf1 c5 30. bxc5+ Kxc5 31. Nh2 Kd6 32. c3 c5 33. Kf1 Ke6 34. Ke2 Rb8 35. Ng4 Bd6 36. Rgb1 Rec8 37. c4 bxc4 38. dxc4 Rxb3 39. Rxb3 Rb8 40. Rxb8 Bxb8 41. Nh6 Bc7 42. Kd3 Kd7 43. Kc2 Ba5 44. Kb3 Kc6 45. Ng4 Bd8 46. Nh6 Bc7 47. Ka4 Kb6 48. Ng8 Be5 49. Ne7 Bd4 50. Nd5+ Kb7 51. Kb3 Be5 52. Kc2 Bd4 53. Kd3 Be5 54. a4 a5 55. Ne7 Kc7 56. Ng8 Kd6 57. Nh6 Ke6 58. Ng4 Kd6 59. Nh6 Ke6 1/2-1/2

[Event "Wch Seniors 65 26th"]
[Site "Marianske Lazne"]
[Date "2016.11.19"]
[Round "1"]
[White "Zurel, Maxim"]
[Black "Bakalar, Jan"]
[Result "1/2-1/2"]
[WhiteElo "1635"]
[BlackElo "2033"]
[PlyCount "57"]
[EventDate "2016.11.19"]
[EventType "swiss"]
[EventRounds "11"]
[EventCountry "CZE"]
[SourceTitle "CBM 175 Extra"]
[Source "ChessBase"]
[SourceDate "2016.12.12"]
[SourceVersion "1"]
[SourceVersionDate "2016.12.12"]
[SourceQuality "1"]

1. e4 c5 2. Nf3 e6 3. Nc3 a6 4. Be2 Qc7 5. 0-0 b5 6. Qe1 Bb7 7. d3 g6 8. Bd2 Bg7 9. Qc1 Nc6 10. Re1 Rc8 11. Bd1 d6 12. Ne2 Nd4 13. Nexd4 cxd4 14. a4 e5 15. axb5 axb5 16. Ra5 Bc6 17. Qa1 Nf6 18. Ra7 Qb8 19. Bb4 0-0 20. Qa3 Ne8 21. Be2 h6 22. Ra1 Bf6 23. Bd1 g5 24. Nd2 Bd8 25. Bg4 Rc7 26. Rxc7 Qxc7 27. Ba5 Qxa5 28. Qxa5 Bxa5 29. Rxa5 1/2-1/2

[Event "Wch Seniors 65 24th"]
[Site "Katerini"]
[Date "2014.11.03"]
[Round "10"]
[White "Zurel, Maxim"]
[Black "Hernandez M, Emilio Gustavo"]
[Result "0-1"]
[WhiteElo "1725"]
[BlackElo "1801"]
[PlyCount "90"]
[EventDate "2014.10.24"]
[EventType "swiss"]
[EventRounds "11"]
[EventCountry "GRE"]
[SourceTitle "EXT 2015"]
[Source "ChessBase"]
[SourceDate "2014.11.20"]
[SourceVersion "1"]
[SourceVersionDate "2014.11.20"]
[SourceQuality "1"]

1. e4 c5 2. Nf3 Nc6 3. Bb5 d6 4. 0-0 Bd7 5. Re1 e5 6. c3 Nf6 7. d4 cxd4 8. cxd4 Qc7 9. Nc3 Be7 10. Bg5 a6 11. Bf1 Qd8 12. d5 Nb8 13. h3 0-0 14. Bd3 Ne8 15. Bxe7 Qxe7 16. Rc1 g6 17. Ne2 a5 18. Qb3 b5 19. Bxb5 Bxb5 20. Qxb5 Nc7 21. Qb6 Nba6 22. Qe3 Nc5 23. Nc3 Rfb8 24. Rc2 Kg7 25. Rec1 N7a6 26. Qe2 Rb4 27. a3 Rb7 28. Nd2 Rab8 29. Nc4 Nb3 30. Nxa5 Nxa5 31. Qxa6 Nb3 32. Rd1 Nd4 33. Rcd2 Rxb2 34. Rxb2 Rxb2 35. Rb1 Rc2 36. Qc8 Rxc3 37. Qa6 Rc2 38. a4 Qf6 39. Rf1 Ne2+ 40. Kh1 Nf4 41. Qb6 Qg5 42. Rg1 Qh4 43. Rf1 Rc3 44. f3 Rc2 45. Rg1 Nxh3 0-1

[Event "Wch Seniors 65 24th"]
[Site "Katerini"]
[Date "2014.11.02"]
[Round "9"]
[White "Ben Zeev, Moshe"]
[Black "Zurel, Maxim"]
[Result "1-0"]
[WhiteElo "1963"]
[BlackElo "1725"]
[PlyCount "71"]
[EventDate "2014.10.24"]
[EventType "swiss"]
[EventRounds "11"]
[EventCountry "GRE"]
[SourceTitle "EXT 2015"]
[Source "ChessBase"]
[SourceDate "2014.11.20"]
[SourceVersion "1"]
[SourceVersionDate "2014.11.20"]
[SourceQuality "1"]

1. c4 e5 2. Nc3 Nf6 3. d3 Be7 4. g3 0-0 5. Bg2 c6 6. Nf3 d6 7. 0-0 Nbd7 8. Bg5 Nh5 9. Bxe7 Qxe7 10. e3 g6 11. b4 h6 12. Qc2 f5 13. b5 Ng7 14. bxc6 bxc6 15. Nh4 Qe8 16. Bxc6 Rb8 17. Qa4 g5 18. Ng2 a6 19. Rab1 Rxb1 20. Rxb1 Qd8 21. Bxd7 Qxd7 22. Qxd7 Bxd7 23. Rb6 Ne8 24. Rxa6 Kf7 25. a4 Ke7 26. Nd5+ Ke6 27. a5 Ng7 28. Rb6 Rc8 29. Rb7 Ne8 30. a6 Rc5 31. Ne1 e4 32. Kg2 Ra5 33. dxe4 fxe4 34. Nc2 Rxa6 35. Nd4+ Ke5 36. Rxd7 1-0

[Event "Wch Seniors 15th"]
[Site "Lignano Sabbiadoro"]
[Date "2005.10.02"]
[Round "5"]
[White "Hocevar, Nikola"]
[Black "Zurel, Maxim"]
[Result "1-0"]
[WhiteElo "2093"]
[BlackElo "1945"]
[PlyCount "79"]
[EventDate "2005.09.28"]
[EventType "swiss"]
[EventRounds "11"]
[EventCountry "ITA"]
[SourceTitle "CBM 108 Extra"]
[Source "ChessBase"]
[SourceDate "2005.11.04"]
[SourceVersion "1"]
[SourceVersionDate "2005.11.04"]
[SourceQuality "1"]

1. c4 e5 2. Nc3 Nf6 3. g3 Be7 4. Bg2 d6 5. Nf3 c6 6. 0-0 0-0 7. d3 Ne8 8. d4 exd4 9. Nxd4 Bf6 10. e4 Qb6 11. Nce2 c5 12. Nc2 Nc6 13. Ne3 Ne7 14. Rb1 g6 15. Nd5 Nxd5 16. cxd5 Bd7 17. Be3 Qa6 18. a3 Bg7 19. Qd2 b6 20. Rfe1 f5 21. f3 fxe4 22. fxe4 Nf6 23. Bf4 b5 24. Bh6 Rae8 25. Bxg7 Kxg7 26. Nf4 Qc8 27. Qc3 Qd8 28. e5 dxe5 29. Rxe5 Rxe5 30. Qxe5 Re8 31. Qc3 Qe7 32. Nd3 c4 33. Re1 Qf8 34. Rxe8 Qxe8 35. Ne5 Qe7 36. Qd4 Be8 37. Bh3 Qd8 38. d6 Kf8 39. d7 Bf7 40. Nc6 1-0

[Event "Bad Woerishofen Seniors op 19th"]
[Site "Bad Woerishofen"]
[Date "2003.03.19"]
[Round "7"]
[White "Rembowski, Krzysztof"]
[Black "Zurel, Maxim"]
[Result "1-0"]
[WhiteElo "2000"]
[BlackElo "1757"]
[PlyCount "123"]
[EventDate "2003.03.13"]
[EventType "swiss"]
[EventRounds "9"]
[EventCountry "GER"]
[SourceTitle "EXT 2004"]
[Source "ChessBase"]
[SourceDate "2003.11.25"]
[SourceVersion "1"]
[SourceVersionDate "2003.11.25"]
[SourceQuality "1"]

1. e4 e5 2. d4 exd4 3. Qxd4 Nc6 4. Qe3 Nf6 5. Nc3 Bb4 6. Bd2 0-0 7. 0-0-0 d6 8. f3 Re8 9. Qg5 Re5 10. Qh4 Rh5 11. Qf2 Re5 12. Bd3 Bc5 13. Qf1 a6 14. a3 b5 15. Bf4 Re8 16. Bg5 Qe7 17. Nd5 Qd8 18. Qe1 Be6 19. Qh4 Bxd5 20. exd5 Ne5 21. Bxh7+ Kf8 22. Nh3 Ng6 23. Bxg6 fxg6 24. Rhe1 Kf7 25. Rxe8 Qxe8 26. Re1 Qh8 27. Qxh8 Rxh8 28. Bxf6 gxf6 29. Kd2 Rh5 30. Nf4 Rxh2 31. Re2 Bb6 32. Kd3 Rh1 33. c3 g5 34. Ne6 Rd1+ 35. Rd2 Re1 36. Re2 Rd1+ 37. Ke4 Kg6 38. g4 a5 39. Nf8+ Kf7 40. Ne6 Kg6 41. Nd4 Bxd4 42. cxd4 Rc1 43. Kd3 Kf7 44. Rc2 Rd1+ 45. Ke3 Re1+ 46. Kd2 Re7 47. Rc3 Ke8 48. Re3 Kd7 49. Rxe7+ Kxe7 50. Ke3 Kd7 51. Kd3 c5 52. dxc6+ Kxc6 53. Ke4 a4 54. d5+ Kc5 55. Kf5 Kxd5 56. Kxf6 Kc4 57. Kxg5 d5 58. Kf4 b4 59. g5 bxa3 60. bxa3 d4 61. g6 d3 62. g7 1-0

[Event "Bad Woerishofen Seniors op 19th"]
[Site "Bad Woerishofen"]
[Date "2003.03.18"]
[Round "6"]
[White "Zurel, Maxim"]
[Black "De Mol, Ferdinand"]
[Result "1-0"]
[WhiteElo "1757"]
[BlackElo "1500"]
[PlyCount "85"]
[EventDate "2003.03.13"]
[EventType "swiss"]
[EventRounds "9"]
[EventCountry "GER"]
[SourceTitle "EXT 2004"]
[Source "ChessBase"]
[SourceDate "2003.11.25"]
[SourceVersion "1"]
[SourceVersionDate "2003.11.25"]
[SourceQuality "1"]

1. e4 c5 2. Nf3 d6 3. d4 cxd4 4. Nxd4 a6 5. Bd3 Nf6 6. Nc3 e6 7. 0-0 Bd7 8. Be3 Nc6 9. Nb3 Ne5 10. Be2 Rc8 11. Bf4 Qc7 12. Nd2 h6 13. Be3 b5 14. a3 Bc6 15. f3 d5 16. f4 Nxe4 17. Ndxe4 dxe4 18. fxe5 Qxe5 19. Qd4 Qc7 20. Bf4 Qb7 21. Be3 Be7 22. Qb6 0-0 23. Qxb7 Bxb7 24. Rad1 Ba8 25. Bd2 f5 26. Rc1 Bc5+ 27. Kh1 e3 28. Be1 g5 29. Nd1 e5 30. Bb4 f4 31. Bxc5 Rxc5 32. c4 e4 33. b4 Re5 34. Nxe3 f3 35. Bd1 g4 36. cxb5 Rxb5 37. Bb3+ Kh8 38. Kg1 h5 39. Bc4 Rb6 40. Rcd1 Kg7 41. Bd5 Bc6 42. Nc4 Rf6 43. Nxb6 1-0

[Event "Bad Woerishofen Seniors op 19th"]
[Site "Bad Woerishofen"]
[Date "2003.03.16"]
[Round "4"]
[White "Zurel, Maxim"]
[Black "Lamberger, Werner1111"]
[Result "1-0"]
[WhiteElo "1757"]
[BlackElo "1585"]
[PlyCount "97"]
[EventDate "2003.03.13"]
[EventType "swiss"]
[EventRounds "9"]
[EventCountry "GER"]
[SourceTitle "EXT 2004"]
[Source "ChessBase"]
[SourceDate "2003.11.25"]
[SourceVersion "1"]
[SourceVersionDate "2003.11.25"]
[SourceQuality "1"]

1. e4 e5 2. Nf3 Nf6 3. Nc3 Nc6 4. Bc4 Bb4 5. Qe2 Nd4 6. Nxd4 exd4 7. Nd5 Nxd5 8. exd5+ Be7 9. Qe5 0-0 10. Qxd4 Bf6 11. Qf4 Qe7+ 12. Qe3 Qxe3+ 13. dxe3 d6 14. 0-0 Bf5 15. c3 Rae8 16. f3 a6 17. e4 Bg6 18. Bd2 b5 19. Bd3 Bd8 20. a4 f5 21. Rfe1 fxe4 22. fxe4 Re5 23. axb5 axb5 24. Ra8 h6 25. Rf1 Bf6 26. Rxf8+ Kxf8 27. Re1 Ke7 28. Bf4 Rh5 29. Be2 Rh4 30. g3 Rh3 31. Bg4 Rh5 32. Bxh5 Bxh5 33. e5 dxe5 34. Bxe5 Kd7 35. Bxf6 gxf6 36. Re6 Bf3 37. Rxf6 Bxd5 38. Rxh6 Bc4 39. Kf2 Be6 40. Rxe6 Kxe6 41. Ke3 Kf5 42. h4 c5 43. b4 cxb4 44. cxb4 Ke5 45. g4 Ke6 46. Kd4 Kd6 47. h5 Ke6 48. Kc5 Kf6 49. Kxb5 1-0

[Event "Bad Woerishofen Seniors op 19th"]
[Site "Bad Woerishofen"]
[Date "2003.03.13"]
[Round "1"]
[White "Villing, Dieter"]
[Black "Zurel, Maxim"]
[Result "1-0"]
[WhiteElo "2171"]
[BlackElo "1757"]
[PlyCount "67"]
[EventDate "2003.03.13"]
[EventType "swiss"]
[EventRounds "9"]
[EventCountry "GER"]
[SourceTitle "EXT 2004"]
[Source "ChessBase"]
[SourceDate "2003.11.25"]
[SourceVersion "1"]
[SourceVersionDate "2003.11.25"]
[SourceQuality "1"]

1. e4 e5 2. Bc4 Nf6 3. d3 Be7 4. Nf3 d6 5. Nc3 c6 6. Bg5 Nbd7 7. h3 Nc5 8. a4 a5 9. Qd2 Be6 10. Bxe6 Nxe6 11. 0-0 h6 12. Bxf6 Bxf6 13. Rae1 Bg5 14. Qd1 0-0 15. Nxg5 Qxg5 16. Ne2 f5 17. exf5 Rxf5 18. d4 e4 19. Ng3 Nf4 20. Rxe4 d5 21. Re3 Raf8 22. Qg4 Qxg4 23. hxg4 Rg5 24. f3 Ng6 25. Rfe1 Kh7 26. Re8 Rf7 27. c3 Rf6 28. Ra8 Rf7 29. Rxa5 Nf4 30. Ra8 h5 31. Nxh5 Nxh5 32. gxh5 Rxf3 33. Ree8 g6 34. Re7+ 1-0

[Event "Wch Seniors 12th"]
[Site "Naumburg"]
[Date "2002.10.28"]
[Round "6"]
[White "Rettler, Heinz"]
[Black "Zurel, Maxim"]
[Result "1-0"]
[WhiteElo "2167"]
[BlackElo "1777"]
[PlyCount "67"]
[EventDate "2002.10.21"]
[EventType "swiss"]
[EventRounds "11"]
[EventCountry "GER"]
[SourceTitle "EXT 2006"]
[Source "ChessBase"]
[SourceDate "2005.11.24"]
[SourceVersion "1"]
[SourceVersionDate "2005.11.24"]
[SourceQuality "1"]

1. e4 e5 2. Nf3 Nc6 3. Bb5 Nf6 4. 0-0 d6 5. Re1 Be7 6. h3 a6 7. Bxc6+ bxc6 8. d4 exd4 9. Nxd4 c5 10. Nc6 Qd7 11. Nxe7 Qxe7 12. Nc3 0-0 13. Bg5 c6 14. Qf3 Rb8 15. e5 dxe5 16. Ne4 Qe6 17. Nxf6+ gxf6 18. Bxf6 Qf5 19. Rxe5 Qxc2 20. Rg5+ Qg6 21. Rxg6+ fxg6 22. Qc3 Be6 23. f3 Rf7 24. Re1 Bd5 25. Re7 Rxe7 26. Bxe7 Re8 27. Bxc5 Kf7 28. Be3 Re6 29. Qc5 Re7 30. Qb6 h5 31. Qxa6 Re5 32. Qb7+ Re7 33. Qc8 Ra7 34. Bxa7 1-0